| 000 | 00489nam a22001817a 4500 | ||
|---|---|---|---|
| 005 | 20170215093231.0 | ||
| 008 | 170206b xxu||||| |||| 00| 0 eng d | ||
| 020 | _a9781608320141 | ||
| 040 | _cPK-LaUMT | ||
| 082 |
_a158 _bTHU-O |
||
| 100 | _aThurmon, Dan | ||
| 245 |
_aOff balance on purpose: _bembrace uncertainty and create a life you love/ _cDan Thurmon |
||
| 260 |
_aNew York: _bGreen Leaf, _c2010 |
||
| 300 | _a238 p. | ||
| 546 | _aen | ||
| 650 | _aSelf-realization | ||
| 942 | _cBK | ||
| 999 |
_c90840 _d90840 |
||